| 000 | 00944cab a2200241 4500 | ||
|---|---|---|---|
| 001 | WB3242-51 | ||
| 008 | 090401t1996 xxu||||| |||| 00| 0 eng d | ||
| 035 | _a(Sirsi) u44852 | ||
| 041 | _aeng | ||
| 245 | _aEnforcement notice | ||
| 260 | _c1996 | ||
| 350 | _a0 | ||
| 490 |
_aEstates Gazette Case Summaries _v[1996] EGCS 164, (2 November 1996) (1) |
||
| 520 | _a"Attorney-General`s Reference No 1 of 1996" CA 17 October 1996. Extension of a period for compliance to an enforcement notice, restricting the number of days land can be used for shooting, does not constitute planning permission that would extend the period. | ||
| 650 | _aATTORNEY GENERAL'S REFERENCE NO 1 OF 1996 | ||
| 650 | _aENFORCEMENT NOTICES | ||
| 650 | _aPLANNING AND COMPENSATION ACT 1991 S8 | ||
| 650 | _aSHOOTING RIGHTS | ||
| 650 | _aTOWN AND COUNTRY PLANNING ACT 1990 | ||
| 690 | _aPLANNING LAW AND PRACTICE-CASE LAW | ||
| 942 | _n0 | ||
| 948 | _c04/03/1997 | ||
| 999 |
_c28501 _d28501 |
||